000 01101nam a2200325Ia 4500
003 OSt
005 20221006155841.0
006 a|||||r|||| 00| 0
007 ta
008 221006b |||||||| |||| 00| 0 eng d
020 _a9780415474757
_c¥19908
024 _a43,674
037 _bGift, Japan Foundation
_cTextual
040 _aEASL
_cEASL
_beng
041 _2eng
_aeng
082 _aY5.42.P1, P9
100 _aIshida Hiroshi Ed.
_9670605
245 0 _aSocial Class in Contemporary Japan
_b Structures, sorting and strategies
260 _aLondon
_bRoutledge England
_c2009
300 _a243p.
_ccm.
490 _v JEL
_aThe Nissan Institute/ Routledge Japanese Studies Series
650 _a Japan - Social conditions
_9582428
650 _a JEL
650 _a Social mobility - Japan
_9670606
650 _a Social structure - Japan
_9670607
650 _aSocial classes - Japan
_9670608
700 _a Slater David H. Ed.
_9670609
942 _hY5.42.P1, P9
_cTEXL
_2CC
999 _c1111760
_d1111760